| 000 | 00000nam##2200000za#4500 |
| 001 | 9.615385 |
| 003 | CaOODSP |
| 005 | 20210615101114 |
| 007 | ta |
| 008 | 150406|2001||||xxc||||| f|0| 0 eng|d |
| 020 | |a0-660-18337-4 |
| 022 | |a1200-5223 |
| 040 | |aCaOODSP|beng |
| 043 | |an-cn--- |
| 086 | 1 |aCS11-0019/153E |
| 245 | 00|aFemale employment rates and labour market attachment in rural Canada / |cby Euan Phimister, Esperanza Vera-Toscano and Alfons Weersink. |
| 260 | |aOttawa - Ontario : |bStatistics Canada. |c2001. |
| 300 | |a15p. : |breferences, tables ; |c28 cm. |
| 490 | 1 |aResearch paper series|x1200-5223|vNo. 153 |
| 500 | |a"The principal objective of this paper is to explore the reasons for these rural-urban differences in female employment rates while focusing also on differences in the degree of persistence or continuity in female employment patterns. In particular, using Canadian panel data from the Survey of Labour Income and Dynamics, we compare rural and urban samples using a dynamic model of female employment."--Page 1. |
| 520 | 3 |aThe principal objective of this paper is to explore the reasons for these rural-urban differences in female employment rates while focusing also on differences in the degree of persistence or continuity in female employment patterns. In particular, using Canadian panel data from the Survey of Labour Income and Dynamics, we compare rural and urban samples using a dynamic model of female employment.--Page 1 |
| 563 | |aSoftcover |
| 590 | |a01-06|b2001-02-09 |
| 710 | 2 |aStatistics Canada. |bAnalytical Studies Branch. |
| 720 | 1 |aPhimister, Euan |
| 720 | 1 |aVera-Toscano, Esperanza |
| 720 | 1 |aWeersink, Alfons |
| 775 | 08|tTaux d'emploi et participation à la vie active des Canadiennes vivant en milieu rural / |w(CaOODSP)9.625477 |
| 776 | 0#|tFemale employment rates and labour market attachment in rural Canada / |w(CaOODSP)9.557509 |
| 830 | #0|aResearch paper series,|x1200-5223|vNo. 153|w(CaOODSP)9.514463 |